[Event "DEM U8 2025"]
[Site "Willingen GER"]
[Date "2025.06.12"]
[Round "3"]
[White "Lehner, Hendrik Elias"]
[Black "Obermeier, Vitus"]
[Result "1-0"]
[Termination "normal"]
[Board "6"]
[WhiteElo "1245"]
[BlackElo "1313"]
[WhiteClock "00:51:49"]
[BlackClock "00:53:01"]
[PlyCount "91"]
[WhiteFideId "533035148"]
[EventCountry "GER"]
[EventRounds "7"]
[EventType "swiss"]
[EventDate "2025.06.10"]

1. e4 {[%clk 01:00:27]} {[%emt 00:00:02]} e5 {[%clk 01:00:21]} {[%emt
00:00:10]} 2. Nf3 {[%clk 01:00:38]} {[%emt 00:00:04]} Nc6 {[%clk 01:00:30]}
{[%emt 00:00:06]} 3. Bb5 {[%clk 01:00:50]} {[%emt 00:00:04]} a6 {[%clk
01:00:39]} {[%emt 00:00:05]} 4. Bxc6 {[%clk 01:00:56]} {[%emt 00:00:09]} dxc6
{[%clk 01:00:44]} {[%emt 00:00:09]} 5. O-O {[%clk 01:00:57]} {[%emt 00:00:15]}
Bc5 {[%clk 00:59:28]} {[%emt 00:01:30]} 6. Nxe5 {[%clk 01:00:26]} {[%emt
00:00:47]} Qf6 {[%clk 00:58:31]} {[%emt 00:01:12]} 7. d4 {[%clk 00:59:53]}
{[%emt 00:00:48]} Bd6 {[%clk 00:58:34]} {[%emt 00:00:11]} 8. Nc4 {[%clk
00:59:30]} {[%emt 00:00:39]} Qg6 {[%clk 00:58:19]} {[%emt 00:00:26]} 9. Nxd6+
{[%clk 00:59:23]} {[%emt 00:00:25]} cxd6 {[%clk 00:58:25]} {[%emt 00:00:10]}
10. Nc3 {[%clk 00:59:14]} {[%emt 00:00:25]} Bg4 {[%clk 00:58:19]} {[%emt
00:00:20]} 11. Qd3 {[%clk 00:59:15]} {[%emt 00:00:13]} Nf6 {[%clk 00:57:53]}
{[%emt 00:00:39]} 12. Qd2 {[%clk 00:57:53]} {[%emt 00:01:35]} h6 {[%clk
00:57:20]} {[%emt 00:00:53]} 13. Re1 {[%clk 00:55:52]} {[%emt 00:02:16]} Bf3
{[%clk 00:57:15]} {[%emt 00:00:18]} 14. g3 {[%clk 00:55:48]} {[%emt 00:00:20]}
Qg4 {[%clk 00:57:10]} {[%emt 00:00:15]} 15. Qf4 {[%clk 00:55:32]} {[%emt
00:00:37]} Qxf4 {[%clk 00:56:36]} {[%emt 00:00:49]} 16. Bxf4 {[%clk 00:55:34]}
{[%emt 00:00:13]} O-O {[%clk 00:56:32]} {[%emt 00:00:18]} 17. Bxd6 {[%clk
00:55:25]} {[%emt 00:00:24]} Rfe8 {[%clk 00:56:30]} {[%emt 00:00:16]} 18. e5
{[%clk 00:55:07]} {[%emt 00:00:35]} Nd7 {[%clk 00:56:28]} {[%emt 00:00:16]} 19.
b3 {[%clk 00:54:31]} {[%emt 00:00:53]} Re6 {[%clk 00:56:36]} {[%emt 00:00:05]}
20. Ne2 {[%clk 00:54:27]} {[%emt 00:00:19]} Rae8 {[%clk 00:56:41]} {[%emt
00:00:07]} 21. Nf4 {[%clk 00:54:31]} {[%emt 00:00:10]} f6 {[%clk 00:55:41]}
{[%emt 00:01:18]} 22. Nxe6 {[%clk 00:54:34]} {[%emt 00:00:14]} Rxe6 {[%clk
00:55:48]} {[%emt 00:00:08]} 23. Ba3 {[%clk 00:54:20]} {[%emt 00:00:27]} fxe5
{[%clk 00:55:48]} {[%emt 00:00:16]} 24. dxe5 {[%clk 00:54:28]} {[%emt
00:00:08]} Bg4 {[%clk 00:55:37]} {[%emt 00:00:23]} 25. f4 {[%clk 00:54:27]}
{[%emt 00:00:19]} g5 {[%clk 00:55:34]} {[%emt 00:00:16]} 26. h3 {[%clk
00:53:56]} {[%emt 00:00:48]} Bxh3 {[%clk 00:55:35]} {[%emt 00:00:15]} 27. Rad1
{[%clk 00:54:03]} {[%emt 00:00:07]} Re8 {[%clk 00:55:21]} {[%emt 00:00:28]} 28.
Rd6 {[%clk 00:53:36]} {[%emt 00:00:43]} gxf4 {[%clk 00:55:13]} {[%emt
00:00:23]} 29. gxf4 {[%clk 00:53:39]} {[%emt 00:00:13]} Kh7 {[%clk 00:55:23]}
{[%emt 00:00:03]} 30. e6 {[%clk 00:53:17]} {[%emt 00:00:38]} Nf6 {[%clk
00:54:49]} {[%emt 00:00:47]} 31. Bb2 {[%clk 00:52:48]} {[%emt 00:00:46]} Rg8+
{[%clk 00:54:56]} {[%emt 00:00:07]} 32. Kh2 {[%clk 00:52:15]} {[%emt 00:00:49]}
Ng4+ {[%clk 00:54:52]} {[%emt 00:00:18]} 33. Kxh3 {[%clk 00:52:17]} {[%emt
00:00:13]} Nf2+ {[%clk 00:55:00]} {[%emt 00:00:08]} 34. Kh4 {[%clk 00:52:18]}
{[%emt 00:00:13]} Rg4+ {[%clk 00:54:35]} {[%emt 00:00:41]} 35. Kh5 {[%clk
00:52:24]} {[%emt 00:00:08]} Rg2 {[%clk 00:54:29]} {[%emt 00:00:23]} 36. Rd7+
{[%clk 00:52:14]} {[%emt 00:00:25]} Kg8 {[%clk 00:54:28]} {[%emt 00:00:10]} 37.
Rg7+ {[%clk 00:52:11]} {[%emt 00:00:23]} Rxg7 {[%emt 00:00:41]} 38. Bxg7 {[%emt
00:00:08]} Kxg7 {[%clk 00:53:02]} {[%emt 00:00:52]} 39. e7 {[%clk 00:52:23]}
{[%emt 00:00:04]} Nh3 {[%clk 00:53:11]} {[%emt 00:00:06]} 40. e8=Q {[%emt
00:00:18]} Nxf4+ {[%emt 00:00:26]} 41. Kg4 {[%clk 00:51:41]} {[%emt 00:00:12]}
h5+ {[%emt 00:00:20]} 42. Kxf4 {[%emt 00:00:11]} c5 {[%clk 00:52:45]} {[%emt
00:00:09]} 43. Re7+ {[%clk 00:51:41]} {[%emt 00:00:12]} Kf6 {[%clk 00:52:59]}
{[%emt 00:00:04]} 44. Qf8+ {[%clk 00:51:44]} {[%emt 00:00:13]} Kg6 {[%clk
00:53:01]} {[%emt 00:00:12]} 45. Qf7+ {[%clk 00:51:49]} {[%emt 00:00:11]} Kh6
{[%emt 00:01:00]} 46. Qg7# {[%clk 00:51:49]} {[%emt 00:00:04]} 1-0

[Event "DEM U8 2025"]
[Site "Willingen GER"]
[Date "2025.06.12"]
[Round "3"]
[White "Dold, Emil"]
[Black "Fuchs, Louis Joel"]
[Result "1-0"]
[Termination "normal"]
[Board "7"]
[WhiteElo "1245"]
[BlackElo "1175"]
[WhiteClock "00:54:46"]
[BlackClock "00:58:14"]
[PlyCount "61"]
[EventCountry "GER"]
[EventRounds "7"]
[EventType "swiss"]
[EventDate "2025.06.10"]

1. e4 {[%clk 01:00:27]} {[%emt 00:00:02]} e5 {[%clk 01:00:29]} {[%emt
00:00:01]} 2. Nf3 {[%clk 01:00:33]} {[%emt 00:00:09]} Nf6 {[%clk 01:00:25]}
{[%emt 00:00:06]} 3. Nxe5 {[%clk 01:00:41]} {[%emt 00:00:21]} d6 {[%clk
01:00:30]} {[%emt 00:00:10]} 4. Nf3 {[%clk 01:00:39]} {[%emt 00:00:16]} Nxe4
{[%clk 01:00:36]} {[%emt 00:00:10]} 5. Bc4 {[%clk 01:00:30]} {[%emt 00:00:23]}
d5 {[%clk 01:00:34]} {[%emt 00:00:18]} 6. Bd3 {[%clk 01:00:05]} {[%emt
00:00:39]} Qe7 {[%clk 01:00:31]} {[%emt 00:00:19]} 7. O-O {[%clk 01:00:04]}
{[%emt 00:00:15]} Nf6 {[%clk 01:00:32]} {[%emt 00:00:15]} 8. Re1 {[%clk
00:59:47]} {[%emt 00:00:32]} Be6 {[%clk 01:00:39]} {[%emt 00:00:08]} 9. Nc3
{[%clk 00:59:41]} {[%emt 00:00:21]} Nc6 {[%clk 01:00:43]} {[%emt 00:00:10]} 10.
Bb5 {[%clk 00:59:32]} {[%emt 00:00:25]} Qc5 {[%clk 01:00:36]} {[%emt 00:00:22]}
11. d4 {[%clk 00:59:03]} {[%emt 00:00:43]} Qb6 {[%clk 01:00:29]} {[%emt
00:00:22]} 12. a4 {[%clk 00:58:37]} {[%emt 00:00:42]} a5 {[%clk 01:00:19]}
{[%emt 00:00:25]} 13. Bg5 {[%clk 00:58:32]} {[%emt 00:00:19]} Be7 {[%clk
01:00:22]} {[%emt 00:00:12]} 14. Bxf6 {[%clk 00:58:31]} {[%emt 00:00:17]} Bxf6
{[%clk 01:00:28]} {[%emt 00:00:09]} 15. Nxd5 {[%clk 00:58:23]} {[%emt
00:00:23]} Qa7 {[%clk 00:59:52]} 16. Nxc7+ {[%clk 00:58:11]} {[%emt 00:01:17]}
Kd7 {[%clk 00:59:45]} 17. Nxa8 {[%clk 00:58:12]} {[%emt 00:00:36]} Qxa8 {[%clk
00:59:50]} {[%emt 00:00:11]} 18. d5 {[%clk 00:58:04]} {[%emt 00:00:23]} Ke7
{[%clk 00:59:33]} {[%emt 00:00:32]} 19. dxe6 {[%clk 00:57:26]} {[%emt
00:00:52]} fxe6 {[%clk 00:59:26]} {[%emt 00:00:22]} 20. Qd5 {[%clk 00:56:50]}
{[%emt 00:00:50]} Qc8 {[%clk 00:59:09]} {[%emt 00:00:30]} 21. Rad1 {[%clk
00:56:34]} {[%emt 00:00:34]} Rd8 {[%clk 00:59:07]} {[%emt 00:00:17]} 22. Qc5+
{[%clk 00:56:26]} {[%emt 00:00:20]} Kf7 {[%clk 00:59:02]} {[%emt 00:00:23]} 23.
Rxd8 {[%clk 00:56:02]} {[%emt 00:00:40]} Bxd8 {[%clk 00:58:58]} {[%emt
00:00:18]} 24. Bxc6 {[%clk 00:55:59]} {[%emt 00:00:18]} bxc6 {[%clk 00:58:58]}
{[%emt 00:00:15]} 25. Ne5+ {[%clk 00:55:50]} {[%emt 00:00:25]} Kf6 {[%clk
00:58:56]} {[%emt 00:00:16]} 26. Qf8+ {[%clk 00:55:43]} {[%emt 00:00:22]} Kg5
{[%clk 00:58:49]} {[%emt 00:00:19]} 27. h4+ {[%clk 00:55:27]} {[%emt 00:00:35]}
Kxh4 {[%clk 00:58:41]} {[%emt 00:00:22]} 28. Re4+ {[%clk 00:55:16]} {[%emt
00:00:26]} Kh5 {[%clk 00:58:42]} {[%emt 00:00:15]} 29. Qf7+ {[%clk 00:55:06]}
{[%emt 00:00:24]} Kh6 {[%clk 00:58:25]} {[%emt 00:00:32]} 30. Qf4+ {[%clk
00:54:52]} {[%emt 00:00:29]} Bg5 {[%clk 00:58:14]} {[%emt 00:00:26]} 31. Qh2+
{[%clk 00:54:46]} {[%emt 00:00:21]} 1-0

[Event "DEM U8 2025"]
[Site "Willingen GER"]
[Date "2025.06.12"]
[Round "3"]
[White "Liu, Yining"]
[Black "Rieland, Hannes"]
[Result "1-0"]
[Termination "normal"]
[Board "8"]
[WhiteElo "1677"]
[BlackElo "1487"]
[WhiteClock "00:20:27"]
[BlackClock "00:14:09"]
[PlyCount "99"]
[WhiteFideId "8655049"]
[BlackFideId "533022208"]
[EventCountry "GER"]
[EventRounds "7"]
[EventType "swiss"]
[EventDate "2025.06.10"]

1. e4 {[%clk 01:00:27]} {[%emt 00:00:02]} e5 {[%clk 01:00:24]} {[%emt
00:00:06]} 2. Nf3 {[%clk 01:00:39]} {[%emt 00:00:04]} Nc6 {[%clk 01:00:33]}
{[%emt 00:00:05]} 3. Bc4 {[%clk 01:00:49]} {[%emt 00:00:05]} Nf6 {[%clk
01:00:43]} {[%emt 00:00:05]} 4. d3 {[%clk 01:00:57]} {[%emt 00:00:08]} Bc5
{[%clk 01:00:49]} {[%emt 00:00:08]} 5. Bg5 {[%clk 01:00:47]} {[%emt 00:00:25]}
O-O {[%clk 01:00:47]} {[%emt 00:00:17]} 6. Nc3 {[%clk 01:00:39]} {[%emt
00:00:24]} h6 {[%clk 01:00:42]} {[%emt 00:00:20]} 7. Bh4 {[%clk 01:00:37]}
{[%emt 00:00:17]} d6 {[%emt 00:00:42]} 8. Nd5 {[%clk 01:00:24]} {[%emt
00:00:26]} Bg4 {[%clk 00:59:29]} {[%emt 00:01:02]} 9. Qd2 {[%clk 00:57:30]}
{[%emt 00:03:09]} Kh7 {[%clk 00:53:04]} {[%emt 00:06:40]} 10. Rg1 {[%clk
00:49:20]} {[%emt 00:08:26]} Rh8 {[%clk 00:49:53]} {[%emt 00:03:25]} 11. Nxf6+
{[%clk 00:46:07]} {[%emt 00:03:29]} gxf6 {[%clk 00:49:32]} {[%emt 00:00:34]}
12. Bxf7 {[%clk 00:41:50]} {[%emt 00:04:33]} Kg7 {[%clk 00:41:20]} {[%emt
00:08:24]} 13. Bb3 {[%clk 00:40:23]} {[%emt 00:01:45]} Kf8 {[%clk 00:39:46]}
{[%emt 00:01:47]} 14. h3 {[%clk 00:39:31]} {[%emt 00:01:10]} Ke7 {[%clk
00:38:40]} {[%emt 00:01:13]} 15. hxg4 {[%clk 00:38:33]} {[%emt 00:01:20]} Qf8
{[%clk 00:37:41]} {[%emt 00:01:13]} 16. O-O-O {[%clk 00:36:38]} {[%emt
00:02:11]} Kd7 {[%clk 00:36:53]} {[%emt 00:01:03]} 17. a3 {[%clk 00:34:38]}
{[%emt 00:02:17]} Rd8 {[%clk 00:35:53]} {[%emt 00:01:13]} 18. c3 {[%clk
00:31:26]} {[%emt 00:03:28]} Kc8 {[%clk 00:35:30]} {[%emt 00:00:37]} 19. d4
{[%clk 00:30:47]} {[%emt 00:00:54]} Bb6 {[%clk 00:34:58]} {[%emt 00:00:47]} 20.
Be6+ {[%clk 00:30:10]} {[%emt 00:00:52]} Kb8 {[%clk 00:32:36]} {[%emt
00:02:35]} 21. d5 {[%clk 00:29:37]} {[%emt 00:00:51]} Ne7 {[%clk 00:30:04]}
{[%emt 00:02:45]} 22. b4 {[%clk 00:28:13]} {[%emt 00:01:40]} Re8 {[%clk
00:28:53]} {[%emt 00:01:17]} 23. a4 {[%clk 00:27:23]} {[%emt 00:01:15]} a6
{[%clk 00:28:40]} {[%emt 00:00:28]} 24. c4 {[%clk 00:26:52]} {[%emt 00:00:46]}
Ng6 {[%clk 00:26:29]} {[%emt 00:02:08]} 25. a5 {[%clk 00:25:27]} {[%emt
00:01:57]} Ba7 {[%clk 00:26:23]} {[%emt 00:00:15]} 26. g3 {[%clk 00:25:22]}
{[%emt 00:00:26]} Rh7 {[%clk 00:23:28]} {[%emt 00:03:10]} 27. Qb2 {[%clk
00:22:53]} {[%emt 00:02:45]} Ree7 {[%clk 00:22:00]} {[%emt 00:01:41]} 28. b5
{[%clk 00:22:41]} {[%emt 00:00:28]} axb5 {[%clk 00:21:46]} {[%emt 00:00:29]}
29. cxb5 {[%clk 00:22:36]} {[%emt 00:00:20]} Qd8 {[%clk 00:21:29]} {[%emt
00:00:29]} 30. a6 {[%clk 00:22:02]} {[%emt 00:00:54]} b6 {[%clk 00:21:23]}
{[%emt 00:00:18]} 31. Bf5 {[%clk 00:20:46]} {[%emt 00:01:33]} Rhg7 {[%clk
00:21:19]} {[%emt 00:00:18]} 32. Qc3 {[%clk 00:20:32]} {[%emt 00:00:29]} Nf8
{[%clk 00:20:43]} {[%emt 00:00:50]} 33. Qc6 {[%clk 00:20:26]} {[%emt 00:00:22]}
Qc8 {[%clk 00:20:26]} {[%emt 00:00:31]} 34. Bxc8 {[%clk 00:20:31]} {[%emt
00:00:11]} Kxc8 {[%clk 00:20:34]} {[%emt 00:00:07]} 35. Qa8+ {[%clk 00:20:32]}
{[%emt 00:00:14]} Kd7 {[%clk 00:20:37]} {[%emt 00:00:12]} 36. Qxa7 {[%clk
00:20:29]} {[%emt 00:00:19]} Re8 {[%clk 00:20:41]} {[%emt 00:00:10]} 37. Qb7
{[%clk 00:20:34]} {[%emt 00:00:11]} Nh7 {[%clk 00:19:53]} {[%emt 00:01:02]} 38.
Rd2 {[%clk 00:19:53]} {[%emt 00:00:56]} Rc8 {[%clk 00:19:41]} {[%emt 00:00:27]}
39. Rc2 {[%clk 00:19:51]} {[%emt 00:00:17]} Kd8 {[%clk 00:19:37]} {[%emt
00:00:17]} 40. a7 {[%clk 00:19:56]} {[%emt 00:00:12]} Rd7 {[%clk 00:18:59]}
{[%emt 00:00:53]} 41. a8=Q {[%clk 00:19:56]} {[%emt 00:00:15]} Rxa8 {[%clk
00:19:08]} {[%emt 00:00:06]} 42. Qxa8+ {[%clk 00:19:58]} {[%emt 00:00:14]} Ke7
{[%clk 00:19:16]} {[%emt 00:00:07]} 43. Qc8 {[%clk 00:20:00]} {[%emt 00:00:12]}
Nf8 {[%clk 00:17:56]} {[%emt 00:01:35]} 44. Bxf6+ {[%clk 00:20:09]} {[%emt
00:00:06]} Kxf6 {[%clk 00:17:51]} {[%emt 00:00:19]} 45. Qxf8+ {[%clk 00:20:11]}
{[%emt 00:00:15]} Kg6 {[%clk 00:14:44]} {[%emt 00:03:18]} 46. Nh4+ {[%clk
00:20:12]} {[%emt 00:00:17]} Kh7 {[%emt 00:00:18]} 47. Qf5+ {[%emt 00:00:07]}
Kg8 {[%clk 00:14:06]} {[%emt 00:00:28]} 48. Qxd7 {[%clk 00:20:19]} {[%emt
00:00:08]} Kf8 {[%clk 00:14:01]} {[%emt 00:00:20]} 49. Rxc7 {[%clk 00:20:21]}
{[%emt 00:00:14]} Kg8 {[%clk 00:14:09]} {[%emt 00:00:06]} 50. Qg7# {[%clk
00:20:27]} {[%emt 00:00:09]} 1-0

[Event "DEM U8 2025"]
[Site "Willingen GER"]
[Date "2025.06.12"]
[Round "3"]
[White "Breaz, Arthur"]
[Black "Keleti, Hugó"]
[Result "0-1"]
[Termination "normal"]
[Board "10"]
[WhiteElo "1409"]
[BlackElo "1379"]
[WhiteClock "00:34:45"]
[BlackClock "00:40:17"]
[PlyCount "104"]
[WhiteFideId "42217008"]
[BlackFideId "533043680"]
[EventCountry "GER"]
[EventRounds "7"]
[EventType "swiss"]
[EventDate "2025.06.10"]

1. e4 {[%clk 01:00:27]} {[%emt 00:00:02]} c6 {[%clk 01:00:21]} {[%emt
00:00:09]} 2. d4 {[%clk 01:00:34]} {[%emt 00:00:08]} d5 {[%clk 01:00:32]}
{[%emt 00:00:04]} 3. exd5 {[%clk 01:00:44]} {[%emt 00:00:06]} cxd5 {[%clk
01:00:42]} {[%emt 00:00:04]} 4. c4 {[%clk 01:00:45]} {[%emt 00:00:15]} Nf6
{[%clk 00:58:11]} {[%emt 00:02:44]} 5. Nf3 {[%clk 01:00:34]} {[%emt 00:00:28]}
Bg4 {[%clk 00:58:12]} {[%emt 00:00:14]} 6. h3 {[%clk 01:00:03]} {[%emt
00:00:46]} Bh5 {[%clk 00:58:21]} {[%emt 00:00:05]} 7. Nc3 {[%clk 01:00:05]}
{[%emt 00:00:14]} e6 {[%clk 00:58:11]} {[%emt 00:00:26]} 8. Bg5 {[%clk
01:00:12]} {[%emt 00:00:07]} h6 {[%clk 00:57:56]} {[%emt 00:00:30]} 9. Bh4
{[%clk 01:00:03]} {[%emt 00:00:24]} Be7 {[%clk 00:57:51]} {[%emt 00:00:18]} 10.
c5 {[%clk 01:00:11]} {[%emt 00:00:07]} O-O {[%clk 00:57:26]} {[%emt 00:00:40]}
11. Be2 {[%clk 01:00:18]} {[%emt 00:00:08]} b6 {[%clk 00:57:28]} 12. cxb6
{[%clk 00:59:58]} {[%emt 00:00:50]} axb6 {[%clk 00:57:25]} 13. O-O {[%clk
00:59:42]} {[%emt 00:00:46]} Nc6 {[%clk 00:56:44]} 14. Qc2 {[%clk 00:57:05]}
{[%emt 00:03:49]} Bxf3 {[%clk 00:56:14]} 15. Bxf3 {[%clk 00:56:32]} {[%emt
00:01:34]} Nxd4 {[%clk 00:56:20]} 16. Qd3 {[%clk 00:56:23]} {[%emt 00:00:33]}
Nxf3+ {[%clk 00:55:25]} 17. Qxf3 {[%clk 00:56:23]} {[%emt 00:01:24]} Qd6 {[%clk
00:53:37]} 18. Bg3 {[%clk 00:54:40]} {[%emt 00:04:02]} Qd7 {[%clk 00:53:30]}
19. Rad1 {[%clk 00:53:50]} {[%emt 00:01:27]} Bb4 {[%clk 00:52:34]} 20. a3
{[%clk 00:52:33]} {[%emt 00:02:43]} Bxc3 {[%clk 00:52:11]} 21. Qxc3 {[%emt
00:02:29]} Ne4 {[%emt 00:00:43]} 22. Qe3 {[%clk 00:50:52]} {[%emt 00:00:20]}
Nxg3 {[%clk 00:51:13]} {[%emt 00:00:44]} 23. Qxg3 {[%clk 00:50:57]} {[%emt
00:00:10]} Rfc8 {[%clk 00:51:03]} {[%emt 00:00:24]} 24. Qd3 {[%clk 00:49:49]}
{[%emt 00:01:23]} Qe7 {[%clk 00:50:15]} {[%emt 00:01:02]} 25. Rfe1 {[%clk
00:48:18]} {[%emt 00:01:47]} Qf6 {[%clk 00:50:10]} {[%emt 00:00:20]} 26. Rb1
{[%clk 00:47:29]} {[%emt 00:01:03]} Rc7 {[%clk 00:49:45]} {[%emt 00:00:40]} 27.
Qg3 {[%clk 00:44:24]} {[%emt 00:03:16]} Rac8 {[%clk 00:49:29]} {[%emt
00:00:37]} 28. Qe3 {[%clk 00:43:30]} {[%emt 00:01:03]} d4 {[%clk 00:49:01]}
{[%emt 00:00:46]} 29. Qb3 {[%clk 00:42:42]} {[%emt 00:01:05]} Rc2 {[%clk
00:49:01]} {[%emt 00:00:15]} 30. Qg3 {[%clk 00:41:02]} {[%emt 00:01:56]} d3
{[%clk 00:48:34]} {[%emt 00:00:42]} 31. Red1 {[%clk 00:40:16]} {[%emt
00:01:01]} Rxb2 {[%clk 00:46:45]} {[%emt 00:02:04]} 32. Rxb2 {[%clk 00:40:13]}
{[%emt 00:00:18]} Qxb2 {[%clk 00:46:47]} {[%emt 00:00:12]} 33. Rxd3 {[%clk
00:40:25]} {[%emt 00:00:04]} Qc1+ {[%clk 00:44:10]} {[%emt 00:02:53]} 34. Kh2
{[%emt 00:00:24]} Qc7 {[%clk 00:44:14]} 35. Rd6 {[%clk 00:40:09]} {[%emt
00:00:31]} Rd8 {[%clk 00:43:21]} {[%emt 00:01:07]} 36. Rxd8+ {[%clk 00:39:49]}
{[%emt 00:00:35]} Qxd8 {[%clk 00:42:40]} {[%emt 00:00:57]} 37. Qc3 {[%clk
00:38:08]} {[%emt 00:01:55]} Qb8+ {[%clk 00:42:27]} {[%emt 00:00:28]} 38. Kg1
{[%clk 00:37:58]} {[%emt 00:00:26]} b5 {[%clk 00:39:41]} {[%emt 00:03:01]} 39.
Qc5 {[%clk 00:37:06]} {[%emt 00:01:08]} Qf8 {[%clk 00:39:13]} {[%emt 00:00:42]}
40. Qxf8+ {[%clk 00:36:23]} {[%emt 00:00:58]} Kxf8 {[%clk 00:39:17]} {[%emt
00:00:10]} 41. Kf1 {[%clk 00:36:34]} {[%emt 00:00:05]} Ke7 {[%clk 00:39:27]}
{[%emt 00:00:05]} 42. Ke2 {[%clk 00:36:43]} {[%emt 00:00:06]} Kd6 {[%clk
00:39:34]} {[%emt 00:00:07]} 43. Kd3 {[%clk 00:36:54]} {[%emt 00:00:04]} Kc5
{[%clk 00:39:33]} {[%emt 00:00:16]} 44. Kc3 {[%clk 00:37:03]} {[%emt 00:00:07]}
e5 {[%clk 00:39:37]} {[%emt 00:00:11]} 45. f3 {[%clk 00:37:03]} {[%emt
00:00:15]} f5 {[%clk 00:39:34]} {[%emt 00:00:18]} 46. h4 {[%clk 00:35:04]}
{[%emt 00:02:14]} e4 {[%clk 00:39:25]} {[%emt 00:00:23]} 47. fxe4 {[%clk
00:34:45]} {[%emt 00:00:34]} fxe4 {[%clk 00:39:34]} {[%emt 00:00:06]} 48. Kd2
{[%clk 00:34:54]} {[%emt 00:00:07]} Kc4 {[%clk 00:39:44]} {[%emt 00:00:06]} 49.
Ke3 {[%clk 00:35:04]} {[%emt 00:00:05]} Kb3 {[%clk 00:39:52]} {[%emt 00:00:06]}
50. Kxe4 {[%clk 00:35:05]} {[%emt 00:00:13]} Kxa3 {[%clk 00:40:02]} {[%emt
00:00:05]} 51. Kd3 {[%clk 00:35:14]} {[%emt 00:00:06]} b4 {[%clk 00:40:08]}
{[%emt 00:00:09]} 52. Kc2 {[%clk 00:34:45]} {[%emt 00:00:44]} Ka2 {[%clk
00:40:17]} {[%emt 00:00:07]} 0-1